000 00471nam a2200193Ia 4500
003 0100
008 130303s9999 xx 000 0 und d
040 _cARRUPELIB
050 _aLC493.S631 1996
100 _aSlattery, Robert
245 _aIntegral pedagogy
245 _beducation through process rather than content
260 _aIndia
260 _bJesuit Education Association
260 _C1996
300 _a64p.
300 _b 23 cm
942 _2lcc
_010
999 _c60441
_d60441